Slovenský raj Roklina Piecky - Terasový vodopád : Veľká Biela voda : Suchá Belá - Korytový vodopád : Veľký Sokol - Rothová roklina

Zobrazenie: Na striebornom podklade v bielom orámovaní pohľady na vodopády a turistické rebríky v roklinách Slovenského raja

Bibliographic Details
Other Authors: Jiroušek, Ladislav, 1943-2019 (Photographer)
Format: Photo
Language:Slovak
PhysicalDescription:1 pohľadnica (4 čiastkové pohľady) farebná 15 x 11 cm
Published: Bratislava Pravda 1988
Subjects:

MARC

LEADER 00000ckm a2200000 a 4500
001 vtls001203881
003 SK-MaSNL
005 20260331202726.0
007 kf co
008 231120s1988 xo g 0kuslo
015 |a SNBG1988 
035 |a SNK000146951 
035 |a urn:nbn:sk:snk-km3lv0z 
035 |a 27FC477E-EB07-49C2-9C23-39E2CD96EAE4 
035 |a urn:nbn:sk:snk-km00dsw0 
040 |a SNK  |b slo  |c SNK  |e AACR2 
041 0 |a slo 
043 |a e-xo--- 
044 |a xo  |c SK 
072 7 |a 908(437)  |x Vlastiveda Česka a Slovenska  |2 konspekt 
080 |a 908(437.6)  |2 2011 
080 |a (084.121)  |2 2011 
080 |a 551  |2 2011 
080 |a 551.435.14(282.3)  |2 2011 
100 1 |a Jiroušek, Ladislav,  |d 1943-2019  |4 pht  |9 90423 
245 1 0 |a Slovenský raj  |h grafika  |b Roklina Piecky - Terasový vodopád : Veľká Biela voda : Suchá Belá - Korytový vodopád : Veľký Sokol - Rothová roklina  |c foto Ladislav Jiroušek 
246 1 |i Názov na obrazovej časti:  |a Slovenský raj 
260 |a Bratislava  |b Pravda  |c 1988 
300 |a 1 pohľadnica (4 čiastkové pohľady)  |b farebná  |c 15 x 11 cm 
520 8 |a Zobrazenie: Na striebornom podklade v bielom orámovaní pohľady na vodopády a turistické rebríky v roklinách Slovenského raja 
650 0 7 |a vodopády  |2 SNKPH  |9 55574 
650 0 7 |a tiesňavy  |2 SNKPH  |9 59063 
651 7 |a Slovenský raj (Slovensko : pohorie)  |2 SNKPHgeo  |9 65478 
651 7 |a Suchá Belá (Slovensko : tiesňava)  |2 SNKPHgeo  |9 59057 
651 7 |a Veľký Sokol (Slovenský raj, Slovensko)  |2 SNKPHgeo  |9 59064 
651 7 |a Piecky (Slovenský raj, Slovensko)  |2 SNKPHgeo  |9 59077 
651 7 |a Rothova roklina (Slovenský raj, Slovensko)  |2 SNKPHgeo  |9 430125 
655 7 |a geografické pohľadnice  |2 SNKPH  |9 70522 
852 |a Slovenská národná knižnica 
954 |a pohľadnice pôvodné (slovenské)  |2 lita 
958 |a GBN 
958 |a TL 
958 |a GC 
958 |a OND 
958 |a EUIPO 
999 |c 869986  |d 871916 
952 |a SNK  |b SNK  |y PREZ  |7 0  |p 17A1296199  |o snkSP 140853  |i snk1027/89  |0 0  |1 0  |4 0  |d 2019-05-13  |f 1  |l 0  |r 2026-02-24 05:39:25  |w 2026-02-24 
952 |a SNK  |b SNK  |y PREZ  |7 0  |p 17A1296200  |o snkSP 140853 D1  |i snk1028/89  |0 0  |1 0  |4 0  |d 2019-05-13  |l 0  |r 2026-02-24 05:39:25  |w 2026-02-24